<?xml version="1.0" encoding="UTF-8"?>
<record
    xmlns:xsi="http://www.w3.org/2001/XMLSchema-instance"
    xsi:schemaLocation="http://www.loc.gov/MARC21/slim http://www.loc.gov/standards/marcxml/schema/MARC21slim.xsd"
    xmlns="http://www.loc.gov/MARC21/slim">

  <leader>02085cam a2200289 a 4500</leader>
  <controlfield tag="005">20160222111748.0</controlfield>
  <controlfield tag="008">040219s2003    gw a   grb    000 0 eng</controlfield>
  <datafield tag="020" ind1=" " ind2=" ">
    <subfield code="a">3936191042</subfield>
  </datafield>
  <datafield tag="040" ind1=" " ind2=" ">
    <subfield code="a">DLC</subfield>
    <subfield code="c">DLC</subfield>
    <subfield code="d">CO-BoIAVH </subfield>
  </datafield>
  <datafield tag="041" ind1=" " ind2=" ">
    <subfield code="a">eng</subfield>
  </datafield>
  <datafield tag="042" ind1=" " ind2=" ">
    <subfield code="a">pcc</subfield>
  </datafield>
  <datafield tag="082" ind1="0" ind2="4">
    <subfield code="a">551.6072</subfield>
    <subfield code="b">W81c</subfield>
  </datafield>
  <datafield tag="110" ind1="2" ind2=" ">
    <subfield code="a">Wissenschaftlicher Beirat der Bundesregierung Globale Umweltver&#xFFFD;anderungen (Germany)</subfield>
  </datafield>
  <datafield tag="245" ind1="1" ind2="0">
    <subfield code="a">Climate protection strategies for the 21st century</subfield>
    <subfield code="h">[electronic resource] :</subfield>
    <subfield code="b">Kyoto and beyond /</subfield>
    <subfield code="c">German Advisory Council on Global Change.</subfield>
  </datafield>
  <datafield tag="246" ind1="1" ind2=" ">
    <subfield code="a">WBGU special report 2003</subfield>
  </datafield>
  <datafield tag="260" ind1=" " ind2=" ">
    <subfield code="a">Berlin :</subfield>
    <subfield code="b">German Advisory Council on Global Change,</subfield>
    <subfield code="c">c2003.</subfield>
  </datafield>
  <datafield tag="300" ind1=" " ind2=" ">
    <subfield code="a">77 paginas. :</subfield>
    <subfield code="b">ilustraciones. ;</subfield>
    <subfield code="c">27 x 19 cm</subfield>
  </datafield>
  <datafield tag="500" ind1=" " ind2=" ">
    <subfield code="a">Title from home page (viewed on Feb. 19, 2004).</subfield>
  </datafield>
  <datafield tag="520" ind1=" " ind2=" ">
    <subfield code="a">Examines how the global climate change is having initial tangible impacts upon humankind and nature today and how through the cooperation of the international community and through national-level efforts is possible to stabilize the CO2 concentration in the atmosphere and thus prevent the most severe changes. With this special report, the German Advisory Council on Global Change (WBGU) provides recommendations for future negotiations within the context of the United Nations Framework Convention on Climate Change (UNFCCC), particularly relating to the Kyoto Protocol. For this special report, the Council has commissioned three expert's studies, which are available for download from the website. Also links to simultaneous edition in German.</subfield>
  </datafield>
  <datafield tag="538" ind1=" " ind2=" ">
    <subfield code="a">Mode of access: World Wide Web.</subfield>
  </datafield>
  <datafield tag="580" ind1=" " ind2=" ">
    <subfield code="a">Issued also in German: &#xFFFD;Uber Kioto hinaus denken - Klimaschutzstrategien f&#xFFFD;ur das 21. Jahrhundert.</subfield>
  </datafield>
  <datafield tag="650" ind1=" " ind2="0">
    <subfield code="a">Global temperature changes.</subfield>
  </datafield>
  <datafield tag="650" ind1=" " ind2="0">
    <subfield code="a">Climatic changes.</subfield>
  </datafield>
  <datafield tag="775" ind1="0" ind2=" ">
    <subfield code="a">Wissenschaftlicher Beirat der Bundesregierung Globale Umweltver&#xFFFD;anderungen (Germany)</subfield>
    <subfield code="t">&#xFFFD;Uber Kioto hinaus denken - Klimaschutzstrategien f&#xFFFD;ur das 21. Jahrhundert</subfield>
    <subfield code="e">ger</subfield>
    <subfield code="f">gw</subfield>
    <subfield code="z">3936191034</subfield>
  </datafield>
  <datafield tag="856" ind1="4" ind2="0">
    <subfield code="u">http://www.wbgu.de/wbgu_sn2003_engl.html</subfield>
  </datafield>
  <datafield tag="942" ind1=" " ind2=" ">
    <subfield code="2">ddc</subfield>
    <subfield code="c">LIBRO</subfield>
  </datafield>
  <datafield tag="999" ind1=" " ind2=" ">
    <subfield code="c">3788</subfield>
    <subfield code="d">3788</subfield>
  </datafield>
  <datafield tag="952" ind1=" " ind2=" ">
    <subfield code="0">0</subfield>
    <subfield code="1">0</subfield>
    <subfield code="2">ddc</subfield>
    <subfield code="4">0</subfield>
    <subfield code="7">0</subfield>
    <subfield code="8">GENERAL</subfield>
    <subfield code="I">INV2017</subfield>
    <subfield code="a">Bogota</subfield>
    <subfield code="b">Bogota</subfield>
    <subfield code="d">2004-03-29</subfield>
    <subfield code="e">Instituto</subfield>
    <subfield code="g">39000.00</subfield>
    <subfield code="l">0</subfield>
    <subfield code="o">LB-551.6072 W81c</subfield>
    <subfield code="p">015714</subfield>
    <subfield code="r">2012-12-04 00:00:00</subfield>
    <subfield code="t">Ej. 1</subfield>
    <subfield code="w">2012-12-04</subfield>
    <subfield code="x">Donaci&#xF3;n</subfield>
    <subfield code="y">LIBRO</subfield>
  </datafield>
</record>
